000 01172cam a2200373 4500
999 _c24162
_d24162
001 vtls012243468
005 20260506085051.0
008 231107s2023 xo e 000 f slo
020 _a9788055189802
_q(viazané)
040 _aSNK
_bslo
_cSNK
_erda
041 1 _aslo
_heng
044 _axo
_cSK
072 7 _a821.111(73)-3
_xAmerická próza
_2konspekt
080 _a821.111(73)-31
_22011
080 _a(0:82-993)
_22011
100 1 _aKeeland, Vi
_4aut
_95489
240 1 4 _aThe boss project
_lSlovensky
245 1 0 _aProjekt šéf
_cVi Keelandová ; preložila Andrea Vargovčíková
250 _aPrvé vydanie
264 1 _aBratislava
_bIkar
_c2023
300 _a340 strán
_bilustrácie
_c21 cm
336 _atext
_btxt
_2rdacontent
337 _abez média
_bn
_2rdamedia
338 _azväzok
_bnc
_2rdacarrier
500 _aPreložené z angličtiny
655 7 _aamerické romány
_2SNKPH
_92
655 7 _aAmerican novels
_2SNKPHeng
_91670
655 7 _aerotické romány
_2SNKPH
_94
655 7 _aErotic novels
_2SNKPHeng
_95
700 1 _aVargovčíková, Andrea
_4trl
_91681
958 _aLX
958 _aUP